ბათუმის შოთა რუსთაველის სახელმწიფო უნივერსიტეტის ბიბლიოთეკა

История мировой культуры: Наследие Запада: (ბიბ.ჩანაწერი № 61413)

000 -LEADER
fixed length control field 00777nam a22001817a 4500
005 - DATE AND TIME OF LATEST TRANSACTION
control field 20240307155017.0
008 - FIXED-LENGTH DATA ELEMENTS--GENERAL INFORMATION
fixed length control field 240307s1998 ru ||||| |||| 00| 0 rus d
020 ## - INTERNATIONAL STANDARD BOOK NUMBER
International Standard Book Number 5728100872
041 ## - LANGUAGE CODE
Language code of text/sound track or separate title rus
080 ## - UNIVERSAL DECIMAL CLASSIFICATION NUMBER
Universal Decimal Classification number 008(100)(042.4) И-89
245 ## - TITLE STATEMENT
Title История мировой культуры: Наследие Запада:
Remainder of title Античность. Средневековье. Возрождение /
264 ## - PRODUCTION, PUBLICATION, DISTRIBUTION, MANUFACTURE, AND COPYRIGHT NOTICE
Place of production, publication, distribution, manufacture Москва,
Date of production, publication, distribution, manufacture, or copyright notice 1998.
300 ## - PHYSICAL DESCRIPTION
Extent 429 с.
Other physical details 23 см.
653 ## - INDEX TERM--UNCONTROLLED
keyword მსოფლიო კულტურის ისტორია
653 ## - INDEX TERM--UNCONTROLLED
keyword დასავლეთის მემკვიდრეობა
653 ## - INDEX TERM--UNCONTROLLED
keyword ანტიკურობა. Შუა საუკუნეები. რენესანსი
942 ## - ADDED ENTRY ELEMENTS (KOHA)
Source of classification or shelving scheme
Koha item type წიგნი
ეგზემპლარები
Withdrawn status Lost status Source of classification or shelving scheme Damaged status Not for loan Permanent Location Current Location Shelving location Date acquired Cost, normal purchase price Full call number Barcode Date last seen Copy number Uniform Resource Identifier Price effective from Koha item type Public note
          ბათუმის შოთა რუსთაველის სახელმწიფო უნივერსიტეტის მთავარი ბიბლიოთეკა ბათუმის შოთა რუსთაველის სახელმწიფო უნივერსიტეტის მთავარი ბიბლიოთეკა წიგნსაცავი 2024-03-07 10.00 008(100)(042.4) И-89 65754 2024-03-07 65754 ბსუ-ს საპატიო დოქტორის გურამ ლორთქიფანიძის საჩუქარი 2024-03-07 წიგნი 10 ლ.